Challenging times and my life (Memoirs) / (Record no. 154460)

MARC details
000 -LEADER
fixed length control field 00628nam a22001817a 4500
005 - DATE AND TIME OF LATEST TRANSACTION
control field 20180719165256.0
010 ## - LCCN (DPL NO)
LC control number ENG-123565
020 ## - INTERNATIONAL STANDARD BOOK NUMBER
Terms of availability 250.00
035 ## - SYSTEM CONTROL NUMBER
System control number EN-107097
037 ## - SOURCE OF ACQUISITION
Source of stock number/acquisition DBAD/PUB
082 ## - DEWEY DECIMAL CLASSIFICATION NUMBER
Classification number 954.035092
100 ## - MAIN ENTRY--PERSONAL NAME
Personal name Pillai, K. Aiyappan
245 ## - TITLE STATEMENT
Title Challenging times and my life (Memoirs) /
Statement of responsibility, etc by K. Aiyappan Pillai
Remainder of title improve with lean! /
260 ## - PUBLICATION, DISTRIBUTION, ETC. (IMPRINT)
Place of publication, distribution, etc Thiruvananthapuram
Name of publisher, distributor, etc Sree Uthradom Thirunal Institute of Culture
Date of publication, distribution, etc 2012
270 ## - ADDRESS
Address P.R.A. G-58, G.P.O. Lane, Pulimoodu,
City Thiruvananthapuram
Postal code 695001
300 ## - PHYSICAL DESCRIPTION
Extent xvi,240p.
Dimensions 22cm.(pbk)
Other physical details ill.
942 ## - ADDED ENTRY ELEMENTS (KOHA)
Source of classification or shelving scheme Dewey Decimal Classification
Item type English Books
Classification part 954.035092
Call number suffix PIL
Holdings
Withdrawn status Lost status Not for loan Collection code Home library Current library Date acquired Source of acquisition Cost, normal purchase price Full call number Barcode Copy number Cost, replacement price Koha item type
    Not For Loan Non-fiction D.B.Act.Division Patel Nagar 20/07/2018 DBAD/PUB 250.00 954.035092 PIL EN-107097 1 250.00 English Books

© Delhi Public Library
Hit Counter
free hit counter